Extremoduro: La ley innata, Dulce introducción al caos - Estadísticas

Estadísticas generales
  • Esta prueba ha sido intentada 72 veces
  • La puntuación promedio es 25 de 50
Estadísticas de respuestas
Letra % Correcto
Como quieres que escriba una canción
91%
Como quieres que escriba una canción
91%
si a tu lado no hay reivindicacion
81%
donde nunca pasa nada
77%
donde nunca pasa nada.
77%
donde nunca pasa nada
77%
donde nunca pasa nada
77%
donde nunca pasa nada
77%
La canción de que el tiempo no pasara
74%
la canción de que el tiempo no pasara
74%
Se rompio la cadena que ataba el reloj a las horas
58%
Una racha de viento nos visitó
57%
Una racha de viento nos visitó
57%
una racha de viento nos visitó
57%
no
55%
no
55%
no
55%
no
55%
se paro el aguacero ahora somos flotando dos gotas
51%
si a tu lado he perdido la ambición
49%
volar
47%
volar
47%
no hay esa cancion
45%
no hay esa canción
45%
no hay esa canción
45%
no hay esa canción
45%
porque el viento se lo llevo
45%
porque el viento se lo llevo
45%
agarrado un momento a la cola del viento me siento mejor
43%
me olvide de poner en el suelo los pies y me siento mejor
43%
fue cuando el arbolito se deshojó.
42%
La canción de que el viento se parara
42%
La canción de que el viento se parara
42%
La canción de que el viento se parara
42%
la canción de que el viento se parara
42%
porque el viento lo derribo
40%
porque el viento lo derribo
40%
Ya no queda una piedra en pie
40%
ya no queda una piedra en pie
40%
y al árbol ni una rama se le agitó.
38%
Ya no queda nada de ayer
38%
ya no queda nada de ayer
38%
Un otoño el demonio se presentó
36%
Mientras tanto pasan las horas
32%
Me pregunto si estara sola
30%
Sueño que despierto a su vera
30%
donde nunca paso nada.
28%
pero nuestra veleta ni se inmutó
28%
y a nosotros ni el pelo se nos movio
28%
y ardo dentro de una hoguera
28%
No se encontraron pruebas coincidentes
Distribución de puntuación
Porcentaje de gente con cada puntuación
Porcentaje por número respondido
Historial de tus puntuaciones
No has intentado esta prueba.